Tvorba interaktívnych multimédií pre konkrétny informatický predmet bakalárska práca

Saved in:
Bibliographic Details
Main Author: Socha, Andrej
Corporate Author: Fakulta hospodárskej informatiky EU. Katedra aplikovanej informatiky
Other Authors: Trochanová, Hana
Format: Book
Language:Slovak
Published: Bratislava 2012
Tags: Add Tag
No Tags, Be the first to tag this record!

MARC

LEADER 00000nbm a2200000 4500
001 0156279
005 20161109111950.2
041 0 |a slo 
044 |a SK 
245 1 0 |a Tvorba interaktívnych multimédií pre konkrétny informatický predmet  |b bakalárska práca  |c Andrej Socha ; školiteľ: Hana Trochanová 
264 1 |a Bratislava  |c 2012 
300 |a 42 s. 
100 1 |a Socha, Andrej 
700 1 |a Trochanová, Hana 
710 2 |a Fakulta hospodárskej informatiky EU. Katedra aplikovanej informatiky